MARC details
| 000 -LEADER |
| fixed length control field |
01921cam a2200361Ki 4500 |
| 001 - CONTROL NUMBER |
| control field |
61753645 |
| 003 - CONTROL NUMBER IDENTIFIER |
| control field |
OCoLC |
| 005 - DATE AND TIME OF LATEST TRANSACTION |
| control field |
20241126110659.0 |
| 008 - FIXED-LENGTH DATA ELEMENTS--GENERAL INFORMATION |
| fixed length control field |
050930s2003 ii b 000 0 eng d |
| 020 ## - INTERNATIONAL STANDARD BOOK NUMBER |
| International Standard Book Number |
8172147694 |
| 020 ## - INTERNATIONAL STANDARD BOOK NUMBER |
| International Standard Book Number |
9788172147693 |
| 035 ## - SYSTEM CONTROL NUMBER |
| System control number |
(OCoLC)61753645 |
| 040 ## - CATALOGING SOURCE |
| Original cataloging agency |
CFT |
| Language of cataloging |
eng |
| Description conventions |
rda |
| Transcribing agency |
CFT |
| Modifying agency |
PAU |
| -- |
DKAGE |
| -- |
OCLCQ |
| -- |
OCLCF |
| 043 ## - |
| -- |
a-ce--- |
| 050 #4 - |
| -- |
BR128.H5 |
| -- |
J43 2004 |
| 082 04 - DEWEY DECIMAL CLASSIFICATION NUMBER |
| Classification number |
248.24 |
| Edition information |
22 |
| Item number |
JEB |
| 100 1# - MAIN ENTRY--PERSONAL NAME |
| Personal name |
Jebanesan, Albert W. |
| Authority record control number or standard number |
http://id.loc.gov/authorities/names/nr2006031375 |
| 9 (RLIN) |
15519 |
| 245 14 - TITLE STATEMENT |
| Title |
The changing of the gods : |
| Remainder of title |
the process and experience of religious conversion among Sri Lankan Tamil refugees in London / |
| Statement of responsibility, etc. |
Albert W. Jebanesan. |
| 264 #1 - PRODUCTION, PUBLICATION, DISTRIBUTION, MANUFACTURE, AND COPYRIGHT NOTICE |
| Place of production, publication, distribution, manufacture |
Delhi : |
| Name of producer, publisher, distributor, manufacturer |
ISPCK, |
| Date of production, publication, distribution, manufacture, or copyright notice |
2003. |
| 300 ## - PHYSICAL DESCRIPTION |
| Extent |
xxiii, 300 pages ; |
| Dimensions |
22 cm |
| 336 ## - CONTENT TYPE |
| Content type term |
text |
| Content type code |
txt |
| Source |
rdacontent |
| 337 ## - MEDIA TYPE |
| Media type term |
unmediated |
| Media type code |
n |
| Source |
rdamedia |
| 338 ## - CARRIER TYPE |
| Carrier type term |
volume |
| Carrier type code |
nc |
| Source |
rdacarrier |
| 502 ## - DISSERTATION NOTE |
| Dissertation note |
Revision of Thesis -- University of Edinburgh, School of Divinity, New College. |
| 504 ## - BIBLIOGRAPHY, ETC. NOTE |
| Bibliography, etc. note |
Includes bibliographical references (p. [286]-300). |
| 650 #0 - SUBJECT ADDED ENTRY--TOPICAL TERM |
| Topical term or geographic name entry element |
Christian converts from Hinduism. |
| Authority record control number or standard number |
http://id.loc.gov/authorities/subjects/sh85031722 |
| 9 (RLIN) |
10625 |
| 650 #0 - SUBJECT ADDED ENTRY--TOPICAL TERM |
| Topical term or geographic name entry element |
Sri Lankans |
| Authority record control number or standard number |
http://id.loc.gov/authorities/subjects/sh87004041 |
| Geographic subdivision |
England |
| -- |
London. |
| Authority record control number or standard number |
http://id.loc.gov/authorities/names/n79005665 |
| 9 (RLIN) |
15520 |
| 650 #0 - SUBJECT ADDED ENTRY--TOPICAL TERM |
| Topical term or geographic name entry element |
Pentecostal churches |
| Authority record control number or standard number |
http://id.loc.gov/authorities/subjects/sh85099633 |
| Geographic subdivision |
England |
| -- |
London. |
| Authority record control number or standard number |
http://id.loc.gov/authorities/names/n79005665 |
| 9 (RLIN) |
15521 |
| 650 #0 - SUBJECT ADDED ENTRY--TOPICAL TERM |
| Topical term or geographic name entry element |
Tamil (Indic people) |
| Authority record control number or standard number |
http://id.loc.gov/authorities/subjects/sh85132209 |
| General subdivision |
Religious life |
| Authority record control number or standard number |
http://id.loc.gov/authorities/subjects/sh2002006572 |
| Geographic subdivision |
Sri Lanka. |
| Authority record control number or standard number |
http://id.loc.gov/authorities/names/n80061039 |
| 9 (RLIN) |
15522 |
| 650 #0 - SUBJECT ADDED ENTRY--TOPICAL TERM |
| Topical term or geographic name entry element |
Christianity and other religions |
| General subdivision |
Hinduism. |
| Authority record control number or standard number |
http://id.loc.gov/authorities/subjects/sh85025264 |
| 9 (RLIN) |
366 |
| 650 #0 - SUBJECT ADDED ENTRY--TOPICAL TERM |
| Topical term or geographic name entry element |
Hinduism |
| General subdivision |
Relations |
| -- |
Christianity. |
| Authority record control number or standard number |
http://id.loc.gov/authorities/subjects/sh87001176 |
| 9 (RLIN) |
365 |
| 942 ## - ADDED ENTRY ELEMENTS (KOHA) |
| Source of classification or shelving scheme |
Dewey Decimal Classification |
| Koha item type |
Books |